000 00725nam a2200217Ia 4500
003 GCL
008 140319s9999 xx 000 0 ara d
040 _aGCL /
_cGCL
082 0 4 _a780.9
_bع ك
100 1 _aغطاس عبدالملك (تحقيق)
245 1 0 _aكتاب الشجرة ذات الاكمام الحاوية لاصول الانغام /
_cغطاس عبدالملك (تحقيق)
700 1 _aايزيس فتح الله
260 _a[S.N] :
_bالهيئة المصرية العامة للكتاب ،
_c1983
300 _a161 ص
490 _a
650 0 4 _aالتراث
650 0 4 _aالموسيقى
650 0 4 _aالاشكال الموسيقية
650 0 4 _aتاريخ ونقد
942 _2ddc
_cBK
999 _c29349
_d29349